| 000 | 01195nam a22003017a 4500 | ||
|---|---|---|---|
| 001 | BD-DhSAU 9032 | ||
| 003 | BD-DhSAU | ||
| 005 | 20190102110946.0 | ||
| 008 | 150612b2018 bg a||||r|||| 000 0 eng d | ||
| 040 | _aBD-DhSAU | ||
| 082 |
_222 _a631.4 _bK5271 |
||
| 100 |
_a Khan , Tahmina Yeasmin _4Registration No: 11-04570 |
||
| 245 |
_aInteraction effects of Arsenic and Phosphorus on Growth, Yield and Arsenic loading in BRRI Dhan29 / _c Khan , Tahmina Yeasmin _bMs Thesis |
||
| 260 |
_aSher-e- Bangla Agricultural University : _bDepartment of Soil science, _c2018. |
||
| 300 |
_axi , 78 p. : _bill. , _c30 cm. |
||
| 500 | _aMS thesis of Department of Soil Science, Faculty of Agriculture, Sher-e-Bangla Agricultural University, Dhaka, Bangladesh | ||
| 504 | _aIncludes bibliographical references. | ||
| 590 | _aShofi | ||
| 650 | _aSoil Science | ||
| 650 | _aInteraction effects | ||
| 650 | _a Arsenic | ||
| 650 | _aPhosphorus | ||
| 650 | _aBRRI Dhan29 | ||
| 700 |
_a Hossain , Mohammad Mosharraf _eSupervisor |
||
| 700 |
_aChowdhury , Saikat _eCo-Supervisor |
||
| 856 |
_uhttp://archive.saulibrary.edu.bd:8080/xmlui/handle/123456789/2034 _yOnline Access |
||
| 942 |
_2ddc _cTHESIS |
||
| 999 |
_c14510 _d14509 |
||